[Event "Olympiad-32"]
[Site "Yerevan"]
[Date "1996.09.25"]
[Round "9.3"]
[White "Spasov, Vasil"]
[Black "Svidler, Peter"]
[Result "0-1"]
[WhiteElo "2575"]
[BlackElo "2650"]
[Annotator "Svidler,P"]
[PlyCount "80"]
[EventDate "1996.09.15"]
[EventType "team-swiss"]
[EventRounds "14"]
[EventCountry "ARM"]
[SourceTitle "CBM 055"]
[Source "ChessBase"]
[SourceDate "1996.12.01"]
[SourceVersion "1"]
[SourceVersionDate "1996.12.01"]
[SourceQuality "1"]
[WhiteTeam "Bulgaria"]
[BlackTeam "Russia"]
[WhiteTeamCountry "BUL"]
[BlackTeamCountry "RUS"]

1. e4 {Vorotnikov} c5 2. Nf3 Nc6 3. Bb5 g6 4. Bxc6 bxc6 5. O-O Bg7 6. Re1 Nh6
7. c3 (7. Nc3 {Vorotnikov} f6 8. Qe2 Nf7 9. a3 Rb8 10. b4 cxb4 11. axb4 a6 12.
Ra4 O-O 13. d4 e5 14. Be3 Kh8 15. d5 f5 16. dxc6 dxc6 17. Bc5 Re8 18. Rd1 Qf6
19. Nd2 $16 {Orlov,G-Kaidanov,G/USA-ch/1994/}) 7... O-O 8. d4 cxd4 9. cxd4 d6
10. h3 (10. Nc3 $5 {Vorotnikov} f6 11. b3 Nf7 12. Bb2 Qa5 13. Qc2 Bd7 14. Nd2
Rac8 15. Nc4 Qa6 16. Rad1 Be6 17. Ne3 Bh6 18. Qb1 Rfe8 19. d5 $14 {Illescas
Cordoba,M-Kramnik,V/Alcobendas/1995/}) 10... f6 11. Nc3 Nf7 12. Be3 Bd7 13. Qd2
(13. Rc1 Qa5 14. b3 (14. Nd2 Qb4 15. b3 f5 16. exf5 Bxf5 17. Na4 Bd7 18. Nc4
Rae8 19. Rc2 Nh6 20. Bd2 Qb5 21. Nc3 Qf5 22. Bc1 Qf7 23. Bb2 Nf5 24. Ne4 Qd5
25. Rd2 Nh4 $15 {Gavrilov,A-Yakovich,Y/St-Petersburg/1993/}) 14... Rad8 15. Qd2
Rfe8 16. Ne2 Qxd2 17. Nxd2 Rc8 18. f3 f5 19. Rc2 e5 20. dxe5 Nxe5 21. Rd1 c5
22. Nc3 Bc6 23. Nf1 fxe4 24. Nxe4 Bxe4 25. fxe4 Nf7 $10 {Vydeslaver,A-Yakovich,
Y/Leeuwarden/1995/}) 13... Qc7 (13... Qa5 $32 14. Rac1 (14. Nd5 $2 Qxd2 15.
Nxe7+ Kh8 16. Bxd2 Rfe8 $19) 14... Rab8 (14... Rfe8 15. Rb1 Rab8 16. a3 Rb7 17.
Qc1 f5 18. b4 Qa6 19. Ra1 fxe4 20. Nxe4 Qb5 21. Qd2 Qf5 22. Nfg5 Rb5 23. Nxf7
Qxf7 24. Rac1 Rd5 25. Nc3 Rf5 $13 {Nielsen,P-Yakovich,Y/Alburg/1993/}) (14...
Qh5 15. Ne2 (15. Qe2 g5) 15... g5 $13) 15. b3 $16) 14. Rac1 Qb7 15. b3 Rad8 (
15... f5 16. e5 dxe5 17. dxe5 Nxe5 18. Nxe5 Bxe5 19. Bh6 $16) 16. Qc2 (16. Na4
$5 c5 (16... e5 17. dxe5 fxe5 18. Ng5 $1 $16) (16... Be6 $5 17. Qc2 (17. Qa5 $5
Rc8 (17... f5 18. d5 cxd5 19. Rc7 $16) 18. d5 cxd5 19. Nd4 Bd7 20. exd5 Ne5 $13
) 17... Rc8 18. Bf4 Bd7 $5) (16... f5 17. e5 c5 18. exd6 exd6 19. dxc5 Bc6 $1
$36 (19... Bxa4 20. bxa4 dxc5 21. Qa5 Qb4 22. Qxa7 Ra8 23. Bxc5 $14)) 17. dxc5
Bxa4 18. bxa4 dxc5 (18... Qxe4 19. c6 Qxa4 20. Nd4 $16) 19. Qc2 $14) 16... f5
$1 17. e5 c5 $1 (17... dxe5 {Vorotnikov} 18. dxe5 Nxe5 19. Nxe5 Bxe5 20. Bh6
$40) 18. exd6 (18. e6 $5 Bxe6 19. dxc5 Ne5 $5 20. Ng5 (20. Nd4 Bf7 21. Na4 Bd5
22. c6 Qa8 $13) 20... Bd7 $13) 18... exd6 19. Rcd1 $1 (19. dxc5 Bc6 $36 20.
cxd6 (20. Nd4 Bxd4 21. Bxd4 Bxg2) 20... Bxf3 21. gxf3 Ne5 22. Red1 Nxf3+ 23.
Kf1 Nh2+ $17) 19... Bc6 (19... f4 $5 20. Bxf4 Bxh3 21. Qe4 (21. dxc5 Bf5 $13)
21... d5 22. Qe3 (22. Nxd5 Qxd5 23. Qxd5 Rxd5 24. gxh3 Rf5 25. Re4 g5 $17)) 20.
d5 Bd7 21. Ne2 $1 {/\Nf4-e6,Bd2-c3+/-/} (21. Bc1 Rfe8 22. Bb2 Ne5 23. Nxe5 Bxe5
$13) 21... Rde8 22. Nf4 Re4 23. Nd2 Re7 24. Nc4 Rfe8 {/\g5} 25. Bd2 Rxe1+ 26.
Bxe1 (26. Rxe1 Rxe1+ 27. Bxe1 Bh6 $17 (27... g5 $17 {Vorotnikov})) 26... Re4
27. g3 (27. Bd2 Bd4 $1 28. Be3 Bxe3 29. fxe3 Bc8 $1 $15) 27... Qa6 $1 {/\Ne5}
28. Bc3 $1 (28. Bd2 $5 {Vorotnikov} Ne5 29. Nxe5 Bxe5 30. Be3 $15) 28... Rxc4
$8 (28... Ne5 29. Nd2 $1 $16) 29. bxc4 Ba4 30. Rb1 $2 (30. Qb2 Bxc3 (30... Bxd1
31. Qb8+ Bf8 32. Ne6 $18) 31. Qb8+ (31. Qxc3 Bxd1 32. Ne6 Ne5 33. Qc1 $1 Nf3+
$1 34. Kg2 Nd4 35. Nxd4 cxd4 36. Qxd1 Qxc4 $19) 31... Kg7 32. Ne6+ Kf6 33. Qf8
(33. Rc1 Qxc4 34. Qf8 Qxd5 $19) 33... Bxd1 34. Nd8 (34. Qg7+ Ke7 35. Qf8+ $10)
34... Qxc4 35. Qxf7+ Ke5 36. Qe6+ Kd4 37. Qe3+ Kxd5 38. Qe6+ $10) (30. Re1 $3
Qxc4 (30... Bxc2 31. Re8+ Bf8 32. Ne6 $18) 31. Re3 (31. Qb2 Bxc3 (31... Qxc3
32. Qb8+ Bf8 33. Ne6 $18) 32. Qb8+ Kg7 33. Re7 Bb5 $1 $8 34. Ne6+ Kf6 35. Rxf7+
Ke5 36. Qh8+ (36. f4+ Ke4 37. Qxd6 Bd4+ 38. Nxd4 Qxd4+ 39. Kg2 Qd2+ 40. Kg1 Kf3
$1 $19) 36... Ke4 (36... Kxd5 37. Nc7+ Ke4 38. Nxb5 Bxh8 39. Nxd6+ Kd5 40. Nxc4
Kxc4 41. Rxh7 $18) 37. Ng5+ Kd3 38. Qxh7 Kc2 $1 39. Kh2 Qf1 40. Qxg6 Qxf2+ 41.
Kh1 Qe1+ 42. Kh2 Bd4 43. Qxf5+ Bd3 $19) 31... Qxf4 $1 32. Qb2 (32. Re8+ Bf8 33.
gxf4 Bxc2 34. Bf6 Nh6 $1 $19) 32... Qh6 $19) (30. Qd3 {Vorotnikov} Bxd1 31.
Bxg7 Kxg7 32. Qxd1 Qxc4 $19) 30... Bxc2 31. Rb8+ Nd8 $1 (31... Bf8 {Vorotnikov}
32. Ne6 Nd8 33. Rxd8 Kf7 34. Rxf8+ Ke7 35. Bf6+ Kd7 36. Rd8#) 32. Rxd8+ Kf7 33.
Rd7+ Ke8 34. Rxg7 Qxc4 35. Bf6 Qe4 $1 $19 {/^h1-a8} 36. h4 (36. f3 Qe3+ 37. Kg2
Bd1 $19) 36... Bd1 37. Kh2 (37. Ne6 Qe1+ 38. Kg2 Bf3+ $19) 37... Qe1 38. h5 (
38. Re7+ {Vorotnikov} Qxe7 39. Bxe7 Kxe7 {/\Kf6,h6,g5-+}) 38... g5 $1 (38...
Qxf2+ {Vorotnikov} 39. Kh3 Bg4+ 40. Kh4 Qh2+ 41. Kg5 $40) 39. Nd3 Qf1 40. Re7+
Kf8 0-1

[Event "Olympiad-32"]
[Site "Yerevan"]
[Date "1996.10.01"]
[Round "14.2"]
[White "Svidler, Peter"]
[Black "Hjartarson, Johann"]
[Result "1/2-1/2"]
[WhiteElo "2650"]
[BlackElo "2565"]
[Annotator "Hjartarson,J"]
[PlyCount "120"]
[EventDate "1996.09.15"]
[EventType "team-swiss"]
[EventRounds "14"]
[EventCountry "ARM"]
[SourceTitle "CBM 055"]
[Source "ChessBase"]
[SourceDate "1996.12.01"]
[SourceVersion "1"]
[SourceVersionDate "1996.12.01"]
[SourceQuality "1"]
[WhiteTeam "Russia"]
[BlackTeam "Iceland"]
[WhiteTeamCountry "RUS"]
[BlackTeamCountry "ISL"]

1. e4 c5 2. Nf3 e6 3. d4 cxd4 4. Nxd4 Nc6 5. Nc3 Qc7 6. Be2 a6 7. O-O Nf6 8.
Kh1 d6 9. f4 Be7 10. Be3 O-O 11. Qe1 Bd7 12. Qg3 b5 $5 13. e5 dxe5 14. fxe5
Nxe5 15. Bh6 (15. Rxf6 {-61/(249)}) 15... Ne8 16. Bf4 Bd6 (16... f6 $2 17. Bg4
$16 {-22/528}) 17. Ne4 (17. Bxb5 Bxb5 (17... Ng6 $6 18. Bxd6 Nxd6 19. Bd3 $16 {
/\h4-h5->}) 18. Ncxb5 axb5 19. Nxb5 Qxc2 20. Bxe5 (20. Nxd6 Ng6 $10) 20... Bxe5
21. Qxe5 Nf6 $10) 17... Nc4 18. Bxc4 $6 $146 (18. Nxd6 Ncxd6 19. Rad1 (19. Bd3
$6 Qb6 $15 {-6/548}) 19... Rd8 $8 20. Bd3 $44) 18... Bxf4 19. Rxf4 Qxc4 (19...
bxc4 $5 20. Raf1 e5 21. R4f2 f6 (21... exd4 $2 22. Nf6+ Kh8 23. Qxc7 Nxc7 24.
Nxd7 $14) 22. Nf5 (22. Nxf6+ $2 Nxf6 23. Rxf6 Rxf6 24. Rxf6 Qd8 $19) 22... Bxf5
23. Rxf5 Rd8 $17) 20. Ng5 e5 $1 21. Rh4 exd4 22. Rxh7 $2 {/\23.Rh8 Kh8 24.Qh4
Kg8 25.Qh7#} (22. Nxh7 Be6 (22... Qxc2 $2 23. Nxf8 Kxf8 24. Rh8+ Ke7 25. Qh4+
f6 26. Re1+ Be6 27. Qxd4 $44) 23. Qf2 $1 Rd8 (23... Rc8 $2 24. c3) 24. c3 Rd5
$1 (24... Qd3 25. cxd4 $1 Rxd4 $140 (25... Nd6 $2 26. Nf6+ gxf6 27. Qxf6 $16)
26. Qxd4 Qxd4 27. Rxd4 Kxh7 28. Rd8 Kg8 29. Ra8 $10) 25. Nxf8 (25. cxd4 $2 Rf5
26. Qe1 g5 $17) 25... Kxf8 $15) 22... d3 $8 23. Rh4 (23. cxd3 $2 Qg4 $19) 23...
Qc6 $8 24. Qxd3 g6 $2 (24... Nf6 $1 25. Nh7 (25. Rf1 Qd5 $1 $19) 25... Rfe8 26.
Nxf6+ Qxf6 27. Qh7+ Kf8 $19) 25. Nh7 Nf6 26. Nxf8 Rxf8 27. Rf1 $2 (27. Qd2 Re8
28. Rf1 Bg4 $5 $15 (28... Bc8 $4 29. Qh6 Nh5 30. Rxh5 $18) (28... Re5 $15))
27... Bc8 $1 $17 28. Qf3 $8 (28. Qd4 Bb7 29. Rf2 Re8 $19) (28. Rhf4 Bb7 29.
R4f3 Ne4 $17) 28... Qxf3 29. Rxf3 Re8 30. Kg1 Ng4 31. h3 Ne3 (31... Re1+ $2 32.
Rf1 Rxf1+ 33. Kxf1 Ne3+ 34. Ke2 $1 (34. Kf2 $2 Nd1+ 35. Ke2 Nxb2 $19) 34...
Nxg2 35. Rd4 Bxh3 36. Kf2 $44 {xNg2,Pa6,b5}) 32. Rhf4 f5 33. c3 Nc4 34. Rf2 $6
(34. b3 Nd2 35. Rd3 Ne4 $17) 34... Re1+ 35. Kh2 Bb7 36. Rd4 Be4 37. a4 Ne3 38.
axb5 axb5 39. b3 g5 40. Ra2 Kf7 $4 $138 (40... Bd5 $1 {(/\41...f4-+)} 41. c4 f4
42. h4 $8 Nf1+ 43. Kh3 Be6+ 44. g4 Ne3 45. Rd8+ Kf7 46. Ra7+ Kf6 47. hxg5+ Kxg5
$19) 41. Rd6 $1 $132 Bxg2 (41... f4 $2 42. Ra7+ Ke8 43. Re6+ Kd8 44. Rxe4 $16)
(41... Ke8 42. Rh6 {(43./\Ra7)} (42. Ra7 $2 Nf1+ 43. Kg1 Ng3+ 44. Kh2 f4 $19)
42... Bd5 43. Ra7 Nf1+ 44. Kg1 Ng3+ 45. Kh2 $8 (45. Kf2 $4 Re2+) 45... Nf1+ $10
) 42. Rxg2 Nxg2 43. Kxg2 Re2+ 44. Kf3 Rh2 45. Kg3 Rc2 46. Rd5 $1 Rxc3+ 47. Kg2
Rxb3 48. Rxf5+ Kg6 49. Rc5 $10 Kh5 50. Rc8 Re3 51. Rb8 Re5 52. Rb6 Rc5 53. Kg3
Rc3+ 54. Kh2 Rb3 55. Kg2 b4 56. Kf2 Rb1 57. Kg3 Rb2 58. Kf3 b3 59. Kg3 Rb1 60.
Kf3 Rh1 1/2-1/2

[Event "Koop Tjuchem"]
[Site "Groningen"]
[Date "1996.??.??"]
[Round "1"]
[White "Onischuk, Alexander"]
[Black "Svidler, Peter"]
[Result "1/2-1/2"]
[WhiteElo "2605"]
[BlackElo "2650"]
[Annotator "Rechlis,G"]
[PlyCount "149"]
[EventDate "1996.12.20"]
[EventType "tourn"]
[EventRounds "11"]
[EventCountry "NED"]
[EventCategory "16"]
[SourceTitle "CBM 057"]
[Source "ChessBase"]
[SourceDate "1997.04.01"]
[SourceVersion "1"]
[SourceVersionDate "1997.04.01"]
[SourceQuality "1"]

1. e4 {Hecht} c5 2. Nf3 d6 3. d4 cxd4 4. Nxd4 Nf6 5. Nc3 Nc6 6. Bc4 Qb6 7. Ndb5
a6 8. Be3 Qa5 9. Nd4 e6 10. O-O Be7 11. Bb3 O-O 12. f4 Bd7 13. f5 Nxd4 14. Bxd4
exf5 15. exf5 Bc6 16. Qd3 Nd7 (16... Rae8 17. Rad1 Bd8 18. Kh1 Nd7 19. Qg3 Bf6
20. Qxd6 Bxd4 21. Qxd4 Nf6 22. Nd5 Bxd5 23. Bxd5 Rd8 24. c4 Qxa2 25. Qb6 Nxd5
26. cxd5 Rxd5 27. Qxb7 Rb5 28. Qe7 Rbb8 29. Qd6 Qxb2 {1/2-1/2 Kindermann,
S-Gulko,B/Munich 1990}) 17. Rad1 Rae8 18. Qg3 Bf6 19. Qxd6 Bxd4+ 20. Qxd4 Nf6
21. h3 Re5 22. Qf2 Rfe8 23. Rde1 h5 24. Rxe5 Rxe5 25. a3 Bd7 26. Qd4 Rxf5 27.
Rxf5 Bxf5 28. Qd6 Nd7 29. Bd5 b6 30. Qe7 (30. Kf2 $142 {Since black has
nothing better than Qc5 this move wins a tempo}) 30... Qc5+ 31. Qxc5 Nxc5 32.
b4 Nd7 33. Ne4 Ne5 34. Kf2 Kf8 35. Ke3 f6 36. c4 a5 37. bxa5 (37. Nd6 $5 Bd7 $1
38. c5 (38. bxa5 $14 bxa5 39. Nb7 a4 40. Nc5 $14) 38... Ke7 $6 39. Nc4 Nxc4+
40. Bxc4 bxc5 41. bxc5 $132) 37... bxa5 38. Kd4 Ke7 39. Kc5 $15 Nd3+ 40. Kb5
Nf4 41. Nc3 (41. Ng3 Bd3) 41... Nxd5 42. Nxd5+ {[#] Hecht starker Läufer bei
offener Stellung und verteilten Bauernmehrheiten. Weiß erreicht remis durch
Blockade der letzten zwei schwarzen Bauern auf der Läuferfarbe.} Kd6 43. Nb6
Bd3 44. Kxa5 Bf1 45. g3 Bxh3 46. Kb5 Bg2 47. c5+ Kc7 48. Kc4 g5 49. Kd4 Kc6 50.
Ke3 Bd5 51. Kd4 Bg2 52. Na4 h4 53. gxh4 gxh4 54. Ke3 Kb5 55. Nc3+ Kxc5 56. Kf2
Bc6 57. Ne2 Kd6 58. Nf4 Be4 59. a4 Ke5 60. Ne2 Kf5 61. Kg1 Kg4 62. Kh2 f5 63.
a5 f4 64. Ng1 Bb7 65. Nh3 Bc8 66. Ng1 f3 67. Nh3 Kf5 68. Nf2 Kf4 69. Kg1 Ke3
70. Nh1 Ba6 71. Nf2 Bb5 72. Ng4+ Ke2 73. Nf2 Ke1 74. Nh1 Bf1 75. Nf2 1/2-1/2

[Event "Koop Tjuchem"]
[Site "Groningen"]
[Date "1996.??.??"]
[Round "3"]
[White "Gelfand, Boris"]
[Black "Svidler, Peter"]
[Result "1-0"]
[WhiteElo "2665"]
[BlackElo "2650"]
[Annotator "Gelfand,B"]
[PlyCount "47"]
[EventDate "1996.12.20"]
[EventType "tourn"]
[EventRounds "11"]
[EventCountry "NED"]
[EventCategory "16"]
[SourceTitle "CBM 057"]
[Source "ChessBase"]
[SourceDate "1997.04.01"]
[SourceVersion "1"]
[SourceVersionDate "1997.04.01"]
[SourceQuality "1"]

1. d4 {Alterman,B Ftacnik} Nf6 2. c4 g6 3. Nc3 Bg7 4. e4 d6 5. Be2 O-O 6. Bg5
Nbd7 7. Qd2 c6 8. Nf3 d5 9. exd5 cxd5 10. O-O a6 (10... Ne4 $6 {Alterman,B} 11.
Nxe4 dxe4 12. Ne1 f6 (12... Qe8 13. Nc2 e5) 13. Be3 (13. Bh6 Bxh6 14. Qxh6 e5
15. Qd2 f5 16. d5 Nf6 17. d6 f4 18. c5 Be6 19. Qc3 f3 20. gxf3 Nd5 21. Qxe5 Nf4
22. Qxe4 Qg5+ 23. Kh1 {1/2-1/2 Gelfand,B-Glek,I/URS 40/746 1985 (32)}) 13... e5
14. Rd1 exd4 15. Bxd4 Qe7 16. Nc2 $14 {Portisch,L-Nunn,J/Linares/1988/}) (10...
dxc4 {Alterman,B} 11. Bxc4 a6 12. Bb3 (12. Rfe1 b5 13. Bd5 Ra7 14. Bc6 Nb8 15.
Ne5 Nh5 16. Bf3 f6 17. Bxh5 fxe5 18. Bg4 $4 Bxg4 {0-1 Ivanov,Se-Svidler,P/
RUS-ch Elista (05) ,CBM 50 1995}) 12... b5 13. Rfe1 Bb7 14. Rad1 Rc8 {>=14...
Nb6!} 15. Qe2 b4 16. Na4 Qa5 17. Ne5 e6 18. Bxf6 Nxf6 19. Nc5 Bd5 20. Nxa6 Bxb3
21. axb3 Nd5 22. Nc5 {Gaprindashvili,N-Watson,W/Brussels men-wom 1987/1-0 (46)}
) 11. Ne5 $5 $146 {This is a new and interesting idea I had analysed in 1989.}
(11. a4 {Ftacnik} Ne4 (11... dxc4 {Alterman,B} 12. Bxc4 Nb6 13. Bb3 Nfd5 (13...
Qd6 14. a5 Nbd5 15. Rfe1 Be6 16. Na4 $14) 14. Nxd5 Nxd5 15. Bxd5 Qxd5 16. Bxe7
Re8 $44) 12. Nxe4 dxe4 13. Ne1 Qe8 14. Nc2 e5 15. d5 f5 16. d6 Nc5 17. Rad1 Rf7
18. Be7 a5 19. b4 {1/2-1/2 Lukacs,P-Douven,R/Wijk-B/1988}) (11. cxd5 {Ftacnik}
Nb6 12. Qf4 Nbxd5 13. Qh4 Be6 14. Rfd1 Qa5 15. Bd2 Nxc3 16. Bxc3 Qb6 17. Ng5
Bd5 18. Bd3 Rfd8 19. Re1 Rd7 20. a4 h6 21. Nh3 Qc6 {0-1 Romanov,O-Zhelnin,V/
Pardubice op/1995 (44)}) (11. a3 {Ftacnik} dxc4 12. Bxc4 b5 13. Ba2 Bb7 14. Ne5
Rc8 15. Rad1 Nb6 16. d5 Nfxd5 17. Bxd5 Nxd5 18. Nxd5 Qxd5 (18... Bxe5 {
Alterman,B} 19. Nxe7+ Kg7 20. Nf5+ $18) 19. Qxd5 Bxd5 20. Rxd5 e6 21. Rd6 Bxe5
22. Rxa6 Bxb2 23. a4 bxa4 24. Rxa4 {Norri,J-Svidler,P/Erevan olm (01)/1996/0-1
(47)}) 11... dxc4 12. Bxc4 (12. Nxc4 {Ftacnik} b5 13. Bf3 Ra7 $15) 12... Qc7 (
12... Nb6 13. Bb3 Nbd5 14. Rfe1 Qd6 $14) (12... Nxe5 13. dxe5 Qxd2 (13... Ng4
$2 14. Nd5 $1 $16) 14. Bxd2 $14 (14. Bxd2 {Ftacnik} Ng4 15. f4 $14)) 13. Bb3 $5
{White has to sacrifice a pawn because otherwise he cannot give any problems
to Black. Alterman: This is the most active continuation. Black should take
the pawn, allthough White's initiative can become very dangerous.} (13. Rac1 $6
Nxe5 14. dxe5 Qxe5 (14... Qxc4 15. exf6 exf6 16. Nd5) 15. Rfe1 Qd6) (13. Qe2
Nb6 14. Bb3 Qd6 15. Rfd1 Be6 $10) (13. Bxf6 $6 {Ftacnik} Nxf6 (13... Nxe5 14.
dxe5 exf6 15. exf6 Qxc4 16. fxg7 $14) 14. Rac1 Bf5 15. Rfe1 Qd6 $15) (13. Qf4
$5 {Alterman,B} e6 (13... Nxe5 14. dxe5 Ng4 15. Nd5 Qxe5 16. Nxe7+ Kh8) 14. Be2
Ne8 15. Rac1 Nxe5 16. dxe5 Bxe5 17. Qh4 $44) 13... Nxe5 14. dxe5 Qxe5 15. Rfe1
Qd6 (15... Qc5 16. Na4 (16. Bxf6 {Ftacnik} Bxf6 17. Nd5 Qd6 18. Rad1 $13) (16.
Rac1 Qb4 17. Qe3 e6 $15)) 16. Qe2 {maybe White had to exchange queens with
small advantage in the ending but I wanted to trap it instead.} (16. Qxd6 $5
exd6 17. Rad1 (17. Red1 {Ftacnik} Re8 18. Rxd6 Be6 19. Bxe6 Rxe6 20. Rxe6 fxe6
21. Rd1 Rc8 $10) 17... d5 $1 $14 (17... Bf5 18. Re7) (17... Re8 18. Kf1 $10))
16... Qc5 (16... e6 17. Qf3 $1 (17. Rad1 {Ftacnik} Qb4 18. Qd2 $44) (17. Bxf6
Bxf6 18. Ne4 Qf4 19. Nxf6+ Qxf6 20. Rad1 Rd8 $15)) 17. Bxf6 (17. Bf4 Nh5 $5 18.
Be3 Qe5 19. Qf3 Be6 $1 $13) 17... exf6 (17... Bxf6 {Ftacnik} 18. Nd5 Qd4 (18...
Kg7 {Alterman,B} 19. Rac1 $36) 19. Rad1 Qxb2 20. Nxe7+ Kg7 21. Rd2 Qa3 22. Nd5
$44) 18. Nd5 Bd7 $6 (18... f5 19. Rac1 Qd4 $10 {would lead to an easy draw} (
19... Qd6 {Alterman,B} 20. Nc7 Rb8 21. Ne8 Qd4 22. Nxg7 Kxg7 23. Rc7 $16)) (
18... Be6 19. Rac1 Qa5 (19... Qd6 {Ftacnik} 20. Rcd1 (20. Nc7 {Alterman,B} Bxb3
21. Nxa8 Bxa2 22. Nc7 $16) 20... Bxd5 21. Bxd5 $10) 20. Nc7 Bxb3 21. Nxa8 Bxa2
22. Nc7 $14) 19. Rac1 (19. Qd2 $5 Rae8 $1 (19... Rfe8 20. Nb6 $5 (20. Rec1 Qd6
21. Rc7 Kh8) 20... Qxb6 21. Qxd7 Rxe1+ $140 22. Rxe1 Rf8 23. Re8 Qc5 24. Qxf7+
Kh8 25. Qg8+ $1) 20. Rec1 Qd6 (20... Qa7 $5 21. Rc7 Bb5) 21. Rc7 Kh8 22. Rxb7
f5 $13) 19... Qa5 20. Red1 {Ftacnik: White pieces exert maximum pressure with
excellent central control. Ftacnik: Die weißen Figuren üben maximalen Druck
aus und besitzen ausgezeichnete Kontrolle im Zentrum.} (20. Qf3 {Alterman,B})
20... Kh8 $2 (20... Rad8 $1 21. Qf3 (21. Qe7 Be6 $10) 21... f5 (21... Be6 22.
Ne7+ Kh8 23. Qxb7 $14) 22. Ne7+ Kh8 23. Qxb7 Bb5 $10) (20... Ba4 $1 {Ftacnik}
21. Qe7 (21. Bxa4 Qxa4 22. b3 Qh4 23. Rc4 Qg5 $15) 21... Bxb3 22. axb3 Rfe8 23.
Qxb7 $10) 21. Nc7 (21. Nxf6 {Ftacnik} Bc6 22. Nd5 Rae8 $15) 21... Bb5 (21...
Rad8 22. Qe7 Qg5 (22... Bh6 {Ftacnik} 23. Rc3 Qe5 24. Qxe5 fxe5 25. Rcd3 $18)
23. Rc5 $18) 22. Qe7 Rac8 (22... Rab8 {Ftacnik} 23. Bxf7) 23. Be6 $3 {This
beautiful move is the most precise one.} (23. Bxf7 f5 (23... Bc6 24. Ne6) (
23... Be2 24. Rd7 Qg5 25. Re1 Bf3 26. g3) 24. Ne6 Rxc1 25. Rxc1 Qd2 26. Rb1 Rc8
$132) 23... Rb8 {Alterman: Black return some of the material} (23... Rxc7 24.
Rxc7) (23... Rce8 24. Nxe8 Rxe8 25. Qxf7) (23... fxe6 24. Nxe6 Bh6 25. Nxf8
Rxf8 (25... Bxc1 {Ftacnik} 26. Qxh7#) 26. Rc7) 24. Bxf7 {Peter resigned as he
didn't want to destroy a position of complete domination which is rarely seen
in a practical game.} (24. Bxf7 {Ftacnik} Rfc8 25. b4 (25. Bb3 {Alterman,B} f5
26. Ne6 Rg8 27. Ng5 $18) 25... Qb6 26. Rd6 Qa7 27. Rcd1 Rf8 28. Rd8 $18) 1-0

[Event "Koop Tjuchem"]
[Site "Groningen"]
[Date "1996.??.??"]
[Round "11"]
[White "Svidler, Peter"]
[Black "Akopian, Vladimir Eduardovic"]
[Result "1/2-1/2"]
[WhiteElo "2650"]
[BlackElo "2630"]
[Annotator "Boensch,U"]
[PlyCount "59"]
[EventDate "1996.12.20"]
[EventType "tourn"]
[EventRounds "11"]
[EventCountry "NED"]
[EventCategory "16"]
[SourceTitle "CBM 057"]
[Source "ChessBase"]
[SourceDate "1997.04.01"]
[SourceVersion "1"]
[SourceVersionDate "1997.04.01"]
[SourceQuality "1"]

1. e4 c5 2. Nf3 d6 3. d4 cxd4 4. Nxd4 Nf6 5. Nc3 a6 6. Be2 e6 7. f4 Be7 8. Be3
Nc6 9. O-O O-O 10. Qe1 $6 Nxd4 11. Bxd4 b5 12. a3 (12. Rd1 Bb7 13. Bf3 Qc7 14.
e5 dxe5 15. fxe5 Nd7 16. Bxb7 Qxb7 17. Ne4 Rad8 18. Rd3 Qc7 19. Rc3 Qb8 20.
Nf6+ Nxf6 21. exf6 Bxf6 22. Bxf6 gxf6 23. Qh4 Qe5 24. Qh6 Kh8 25. Rh3 Qc5+ 26.
Kh1 Qf5 $15 {Martin Gonzalez,A-Anastasian,A/Linares op 1996/0-1 (62)}) 12...
Bb7 13. Qg3 g6 $1 (13... Bc6 14. Rad1 (14. Bd3 Qd7 15. Rf3 Qb7 16. Re1 b4 17.
Nd1 bxa3 18. bxa3 g6 19. Qh3 h5 20. Nf2 $16 {Sznapik,A-Schmidt,Wl/Smederevo/
1981/}) 14... Qb8 15. Bf3 Qb7 16. Rfe1 Rac8 17. e5 dxe5 18. fxe5 Nd7 19. Ne4
Qc7 $11 {0-1 Renet,O-Portisch,L/Erevan olm 1996 (31)}) 14. Bf3 (14. f5 e5 15.
Be3 Nxe4 16. Nxe4 Bxe4 17. Bh6 Re8 18. Bd3 Bxd3 19. cxd3 Bf8 20. Bxf8 Rxf8 21.
f6 Re8 22. Qg5 Re6 $19 {0-1 Agnos,D-Jansa,V/Bad Woerishofen op 1993 (34)}) (14.
Bd3 Rc8 (14... a5 15. Rae1 b4 16. axb4 axb4 17. Nd1 d5 18. e5 Ne4 19. Qh3 Ba6
20. Rf3 Qc7 21. Qh6 f5 $11 {1/2-1/2 Lau,R-Espig,L/Berlin op 1990 (32)}) 15.
Rae1 Nd7 16. Re2 e5 17. fxe5 dxe5 18. Bxe5 Nxe5 19. Qxe5 Bd6 20. Qf6 Qxf6 21.
Rxf6 Be5 22. Rf1 Bd4+ 23. Kh1 Bxc3 24. bxc3 Rxc3 $17 {Marciano,D-Berend,F/
FRA-chT 1996/1/2-1/2 (70)}) 14... a5 15. Nxb5 {Mit dem Tausch eines
Zentrumsbauern gegen einen Flügelbauern kann Weiß sicher nicht um Vorteil
kämpfen. In den beiden folgenden Beispielen erreichten die Anziehenden auch
mit anderen Zügen nichts, im Gegenteil, Schwarz hatte jeweils das bequemere
Spiel.} (15. e5 dxe5 16. Bxe5 Qb6+ 17. Kh1 Rac8 18. Qg5 Bxf3 19. Rxf3 b4 20.
axb4 axb4 21. Na4 Qd8 $15 {1-0 Hatanbaatar,B-Orsag,M/Decin op 1995 (52)}) (15.
Rad1 b4 16. axb4 axb4 17. e5 Bxf3 18. Qxf3 bxc3 19. exf6 Bxf6 20. Qxc3 Bxd4+
21. Qxd4 d5 $15 {0-1 Baches Garcia,G-Jansa,V/Benasque op 1996 (29)}) 15... Nxe4
16. Qe1 f5 $5 (16... d5 17. Bxe4 dxe4 18. Qe3 Qd7 19. a4 Qc6 20. Rac1 Rfd8 21.
b3 Rd7 22. Kh1 Ba6 23. c4 Rad8 $15 {0-1 Pira,D-Sahovic,D/Montpellier 1988 (32)}
) 17. Rd1 Qc8 18. Qe2 a4 19. c4 Rf7 20. Rc1 Bf8 21. Rfd1 Qe8 {Durch den
folgenden Abtausch gibt sich Schwarz mit remis zufrieden.} 22. Bc3 Nxc3 (22...
Qc6 $5) 23. Rxc3 Bxf3 24. Rxf3 d5 25. cxd5 exd5 26. Qxe8 Rxe8 27. Nc3 (27. Rxd5
Re1+ 28. Rf1 (28. Kf2 Rb1 29. Rd2 Rb7 $11) 28... Re2 29. Rb1 (29. Rf2 Re1+ $11)
29... Rc2 30. Nc3 Bxa3 31. Nxa4 Rb7 $11) 27... d4 28. Nxa4 Ra7 29. Nb6 Re2 30.
Nc4 (30. Nc4 Rc2 31. b3 Bxa3 32. Nxa3 Rxa3 33. Rf2 $11 (33. Rxd4 $2 Ra1+ 34.
Rf1 Raa2 $19)) 1/2-1/2

[Event "St Petersburg"]
[Site "St Petersburg"]
[Date "1997.04.18"]
[Round "2"]
[White "Svidler, Peter"]
[Black "Epishin, Vladimir"]
[Result "1/2-1/2"]
[WhiteElo "2640"]
[BlackElo "2600"]
[PlyCount "59"]
[EventDate "1997.??.??"]
[EventType "tourn"]
[EventRounds "11"]
[EventCountry "RUS"]
[EventCategory "14"]
[SourceTitle "CBM 059"]
[Source "ChessBase"]
[SourceDate "1997.08.01"]
[SourceVersion "1"]
[SourceVersionDate "1997.08.01"]
[SourceQuality "1"]

1. e4 c6 2. d4 d5 3. e5 Bf5 4. Nf3 e6 5. Be2 c5 6. Be3 cxd4 7. Nxd4 Ne7 8. Bg5
Qa5+ 9. Nc3 Bg6 10. Nb3 Qb6 11. Nb5 Nec6 12. Be3 Qd8 13. f4 a6 14. Nc3 d4 15.
Nxd4 Nxd4 16. Qxd4 Qxd4 17. Bxd4 Nc6 18. Bb6 Bxc2 19. Rc1 Bg6 20. O-O Be7 21.
Bf3 f6 22. exf6 Bxf6 23. Ne4 Bxb2 24. Nd6+ Ke7 25. Nxb7 Nd4 26. Rc7+ Kf6 27.
Rf2 Ba1 28. Rf1 Bb2 29. Rf2 Ba1 30. Rf1 1/2-1/2